000 00377nam a22001457a 4500
020 _qPB.
040 _cFIZZA ISHAQ
082 _a690
_bSTE
100 _aCMMITT, STEPHEN.
_986093
245 _aBARRYS INTRODUCTION OF CONSTRUCTION OF BUILDING /
_cSTEPHEN CMMITT.
250 _a4th ED.
260 _aNEW YORK :
_bJHON WILEY SON,
_c2019.
300 _a752 P. ;
942 _2ddc
_cBK
999 _c587244
_d587244